000 00211 a2200097 4500
001 43947
100 _aK Khalid Ahmed
245 _aHeritage of Islam
260 _aLahore
_bFeroze Sons
_c
090 _c27687
_d27687
942 _aNUST-CAE
_cM
_c19654
999 _c279020
_d279020